Bailey & Scott's diagnostic microbiology / (Record no. 26105)
[ view plain ]
| 000 -LEADER | |
|---|---|
| fixed length control field | 00695nam a22002057a 4500 |
| 005 - DATE AND TIME OF LATEST TRANSACTION | |
| control field | 20140310183652.0 |
| 008 - FIXED-LENGTH DATA ELEMENTS--GENERAL INFORMATION | |
| fixed length control field | 140123b xxu||||| |||| 00| 0 eng d |
| 020 ## - INTERNATIONAL STANDARD BOOK NUMBER | |
| International Standard Book Number | 9780323030656 |
| 050 ## - LIBRARY OF CONGRESS CALL NUMBER | |
| Classification number | QR 67 |
| Item number | .F741 2007 |
| 100 ## - MAIN ENTRY--PERSONAL NAME | |
| Personal name | Forbes, Betty A. |
| 245 ## - TITLE STATEMENT | |
| Title | Bailey & Scott's diagnostic microbiology / |
| Statement of responsibility, etc | Betty A. Forbes, Daniel F. Sahm, Alice S. Weissfeld ; photography by Ernest A. Trevino. |
| 250 ## - EDITION STATEMENT | |
| Edition statement | 12th ed. |
| 260 ## - PUBLICATION, DISTRIBUTION, ETC. (IMPRINT) | |
| Place of publication, distribution, etc | St. Louis : |
| Name of publisher, distributor, etc | Mosby Elsevier, |
| Date of publication, distribution, etc | c2007. |
| 300 ## - PHYSICAL DESCRIPTION | |
| Extent | 1031 p. : |
| Other physical details | ill. ; |
| Dimensions | 29 cm. |
| 500 ## - GENERAL NOTE | |
| General note | Includes bibliographical references and index. |
| 650 ## - SUBJECT ADDED ENTRY--TOPICAL TERM | |
| Topical term or geographic name as entry element | Diagnostic microbiology |
| General subdivision | Textbook. |
| 942 ## - ADDED ENTRY ELEMENTS (KOHA) | |
| Source of classification or shelving scheme | Library of Congress Classification |
| Koha item type | Books |
| Withdrawn status | Lost status | Source of classification or shelving scheme | Damaged status | Home library | Current library | Shelving location | Date acquired | Total Checkouts | Total Renewals | Full call number | Barcode | Date last seen | Date checked out | Copy number | Price effective from | Koha item type |
|---|---|---|---|---|---|---|---|---|---|---|---|---|---|---|---|---|
| Library of Congress Classification | South SEED-LPDH College Library | South SEED-LPDH College Library | South SEED-LPDH College Section | 01/23/2014 | 8 | 27 | QR 67 .F741 2007 | SSLC0325 | 07/26/2017 | 07/14/2017 | 1 | 01/23/2014 | Books | |||
| Library of Congress Classification | South SEED-LPDH College Library | South SEED-LPDH College Library | South SEED-LPDH College Section | 01/23/2014 | 7 | 121 | QR 67 .F741 2007 | SSLC1043 | 09/24/2019 | 07/15/2019 | 2 | 01/23/2014 | Books |